000 00497nam a2200217Ia 4500
005 20250425162120.0
008 250425s9999 xx 000 0 und d
020 _a8425209234
041 _aspa
082 _a745.2
100 _aLOBACH, BERND
245 0 _aDISEÑO INDUSTRIAL
250 _a1A ED.
260 _aBARCELONA
260 _aEspaña
_bGUSTAVO GILI
_c1981
300 _a203
650 _aDISEÑO INDUSTRIAL
650 _aPROCESO DE DISEÑO
942 _c01
010 _a50977
999 _c222617
_d222617